History Quiz

Random History or Discovery Quiz

Who Did It First? Quiz Stats

 Plays Quiz Updated Jun 6, 2016

Challenge
Share
Tweet
Score 0/16 Timer 04:00
3 Plays Today
% Correct
USA
Airplane Flight
93.4%
Russia
First human
in outer space
88.7%
France
Oxygen,
Hydrogen
85.8%
Spain
Circumnavigation
81.5%
Egypt
Papyrus
77.7%
Norway
Erik the Red
76.1%
China
Gunpowder, Compass
71.5%
Germany
Various
67.5%
% Correct
Italy
Piano, etc.
66.4%
UK
Steam
Locomotive
61.3%
Greece
Democracy
59.8%
Japan
VHS, etc.
58.3%
Iraq
Algebra
54.8%
Sweden
Celsius
50.5%
India
Brahmi Numerals
39.7%
South Africa
Heart Transplant
34.7%

You're not logged in!

Compare scores with friends on all Sporcle quizzes.
Join for Free
OR
Log In

You Might Also Like...

Show Comments

Extras

Top Quizzes Today


Score Distribution

Your Account Isn't Verified!

In order to create a playlist on Sporcle, you need to verify the email address you used during registration. Go to your Sporcle Settings to finish the process.

Report this User

Report this user for behavior that violates our Community Guidelines.

Details: